El extraño caso del Doctor Jekyll y el Señor Hyde /
La presencia siniestra de un señor llamado Hyde y una sucesión de hechos extraños alteran la vida ordenada y tranquila de un grupo de viejos amigos. Los enigmas se multiplican durante la investigación del abogado Utterson y desafían al lector, que no podrá develarlos hasta las últimas páginas. Una c...
Guardado en:
| Autor Principal: | |
|---|---|
| Formato: | Libro |
| Publicado: |
Buenos Aires :
Estrada,
1999
|
| Materias: | |
| Etiquetas: |
Agregar Etiqueta
Sin Etiquetas, Sea el primero en etiquetar este registro!
|
| LEADER | 02004nam a22003015a 4500 | ||
|---|---|---|---|
| 001 | CEM.cems016319 | ||
| 008 | 130507s1999##################000#0#####d | ||
| 005 | 20230712163437.0 | ||
| 245 | 1 | 0 | |a El extraño caso del Doctor Jekyll y el Señor Hyde / |c Robert Louis Stevenson. |
| 260 | |a Buenos Aires : |b Estrada, |c 1999 | ||
| 300 | |a 111 p. | ||
| 520 | |a La presencia siniestra de un señor llamado Hyde y una sucesión de hechos extraños alteran la vida ordenada y tranquila de un grupo de viejos amigos. Los enigmas se multiplican durante la investigación del abogado Utterson y desafían al lector, que no podrá develarlos hasta las últimas páginas. Una ciudad oscurecida por la niebla y la fachada descuidada de un edificio sin ventanas cubren de misterio esta atrapante historia, que combina la indagación de los caminos secretos de la mente humana con una trama policial y con la ambientación y el suspenso de los relatos fantásticos. "El extraño caso del Doctor Jekyll y el Señor Hyde", una de las novelas más famosas de Robert Louis Stevenson, captura el interés de quien lee y revela, en su despliegue de recursos, la habilidad de un escritor que sabe contar historias. | ||
| 020 | |a 9500107686 | ||
| 100 | 1 | |a Stevenson, Robert Louis | |
| 082 | 0 | 4 | |a 823.8 |
| 653 | |a Literatura | ||
| 653 | |a Literatura inglesa | ||
| 653 | |a Novela inglesa | ||
| 653 | |a Novela policial | ||
| 653 | |a Novela | ||
| 859 | |a CEMS |b BIB. CEMS - Agricultura |h 823.8 |i St481 |p A0125.00 |t Ej.1 | ||
| 859 | |a CEMS |b BIB. CEMS - 11 de abril |h 823.8 |i St48-1 |p 18414.95 |t Ej.1 | ||
| 859 | |a CEMS |b BIB. CEMS - 11 de abril |h 823.8 |i St48-1 |p 20687.00 |t Ej.2 | ||
| 859 | |a CEMS |b BIB. CEMS - 11 de abril |h 823.8 |i St48-1 |p 21129.01 |t Ej.3 | ||
| 859 | |a CEMS |b BIB. CEMS - 11 de abril |h 823.8 |i St48-1 |p 21130.01 |t Ej.4 | ||
| 859 | |a CEMS |b BIB. CEMS - 11 de abril |h 823.8 |i St48-1 |p 21131.01 |t Ej.5 | ||
| 859 | |a CEMS |b BIB. CEMS - 11 de abril |h 823.8 |i St48-1 |p 22302.03 |t Ej.6 | ||
| 859 | |a CEMS |b BIB. CEMS - 11 de abril |h 823.8 |i St48-1 |p 29536.23 |t Ej.7 | ||
